Engineering Physics (Record no. 3221)
[ view plain ]
| 000 -LEADER | |
|---|---|
| fixed length control field | 00313nam a2200133Ia 4500 |
| 008 - FIXED-LENGTH DATA ELEMENTS--GENERAL INFORMATION | |
| fixed length control field | 191201s2006 xx 000 0 und d |
| 082 ## - DEWEY DECIMAL CLASSIFICATION NUMBER | |
| Classification number | 530 |
| Item number | KAE |
| 100 ## - MAIN ENTRY--PERSONAL NAME | |
| Personal name | KAR, R K |
| 245 #0 - TITLE STATEMENT | |
| Title | Engineering Physics |
| 260 ## - PUBLICATION, DISTRIBUTION, ETC. (IMPRINT) | |
| Place of publication, distribution, etc | N.Delhi |
| Name of publisher, distributor, etc | New Age International |
| Date of publication, distribution, etc | 2006 |
| 300 ## - PHYSICAL DESCRIPTION | |
| Extent | 600 |
| 650 ## - SUBJECT ADDED ENTRY--TOPICAL TERM | |
| Topical term or geographic name as entry element | Applied |
| 942 ## - ADDED ENTRY ELEMENTS (KOHA) | |
| Source of classification or shelving scheme | Dewey Decimal Classification |
| Koha item type | Text Books |
| Withdrawn status | Lost status | Source of classification or shelving scheme | Damaged status | Not for loan | Collection code | Home library | Current library | Date acquired | Source of acquisition | Cost, normal purchase price | Bill Number | Total Checkouts | Full call number | Acc. no. / Barcode | Date last seen | Date last borrowed | Bill Date | Koha item type |
|---|---|---|---|---|---|---|---|---|---|---|---|---|---|---|---|---|---|---|
| Dewey Decimal Classification | Applied Sc. | PIET C-LIBRARY | PIET C-LIBRARY | 19/09/2007 | UDH, Delhi | 325.00 | 1575 | 1 | 530 KAE | 7870 | 19/12/2024 | 02/12/2024 | 31/08/2007 | Text Books | ||||
| Dewey Decimal Classification | Applied Sc. | PIET C-LIBRARY | PIET C-LIBRARY | 19/09/2007 | UDH, Delhi | 325.00 | 1575 | 530 KAE | 7871 | 04/12/2019 | 31/08/2007 | Text Books | ||||||
| Dewey Decimal Classification | Applied Sc. | PIET C-LIBRARY | PIET C-LIBRARY | 28/01/2008 | J B C, New Delhi | 325.00 | 1254 | 530 KAE | 8548 | 04/12/2019 | 24/10/2007 | Text Books | ||||||
| Dewey Decimal Classification | Applied Sc. | PIET C-LIBRARY | PIET C-LIBRARY | 28/01/2008 | J B C, New Delhi | 325.00 | 1254 | 530 KAE | 8549 | 04/12/2019 | 24/10/2007 | Reference Books | ||||||
| Dewey Decimal Classification | Applied Sc. | PIET C-LIBRARY | PIET C-LIBRARY | 28/01/2008 | J B C, New Delhi | 325.00 | 1254 | 530 KAE | 8550 | 04/12/2019 | 24/10/2007 | Text Books |